Every Football League Club From the South West of England - Statistics

General Stats
  • This quiz has been taken 519 times
  • The average score is 7 of 10
Answer Stats
Clubs % Correct
Plymouth Argyle
97%
Bristol City
93%
Exeter City
93%
Bristol Rovers
92%
Bournemouth
66%
Torquay United
66%
Yeovil Town
65%
Swindon Town
63%
Cheltenham Town
60%
Forest Green Rovers
53%
No matching quizzes found
Score Distribution
Percent of People with Each Score
Percentile by Number Answered
Your Score History
You have not taken this quiz